Overseas Territories Quiz - Statistics

General Stats
  • This quiz has been taken 144 times
  • The average score is 11 of 16
Answer Stats
Hint Territory Of Answer % Correct
This massive island’s population is nearly 90% Inuit. Denmark Greenland
98%
These islands, which sit between Iceland and Scotland, speak Faroese. Denmark Faroe Islands
94%
This Spanish-speaking island in the Caribbean has long been proposed as becoming the 51st US state. United States of America Puerto Rico
90%
This group of Caribbean islands is split into two territories: one British and one US. United States of America/United Kingdom Virgin Islands
86%
This island is divided into two sides: the French north, and the Dutch south. France/Netherlands Saint Martin
79%
This Caribbean island, a favorite of travelers to the Caribbean, has two official languages: Dutch and Papiamento. Netherlands Aruba
78%
This department of France is situated not in Europe, but in South America. France French Guiana
78%
This large collection of islands in the South Pacific includes the islands of Tahiti and Bora Bora. France French Polynesia
73%
This island in eastern Polynesia is home to the Moai statues. Chile Easter Island
72%
This island north of the Caribbean has a GNI per capita of over 130,000 USD, among the wealthiest in the world. United Kingdom Bermuda
67%
This French department is situated in the Indian Ocean near Mauritius and Madagascar. France Réunion
65%
This territory in Micronesia is home to the Chamorro people and has a flag which bears an almond-shaped seal containing a palm tree. United States of America Guam
64%
This group of islands is distinguished from the American-controlled side and the other side, which stands as a sovereign nation. United States of America American Samoa
58%
These three islands are named after a deadly reptilian predator. United Kingdom Cayman Islands
47%
This territory of New Zealand speaks Maōri and has a team in the Olympics. New Zealand Cook Islands
46%
This US overseas territory was the site of the Battle of Saipan in the Pacific theatre of WWII. United States of America Northern Mariana Islands
41%
No matching quizzes found
Score Distribution
Percent of People with Each Score
Percentile by Number Answered
Your Score History
You have not taken this quiz